| 000 | 00785nam a2200253 a 4500 | ||
|---|---|---|---|
| 001 | BRCA_920 | ||
| 005 | 20190320203216.0 | ||
| 008 | 140408s1999----mx-a---###---#000-0#spa-# | ||
| 020 | _a968504001X | ||
| 041 | _aspa | ||
| 044 | _amx | ||
| 050 | 4 |
_aNK7114 _b.P53 1999 |
|
| 245 | 1 | 0 | _aplata. |
| 260 |
_aHouston, Texas _bGrupo México _c1999 |
||
| 300 |
_a291 p. _bil. a color, fotografías, mapas _c28 cm. |
||
| 500 | _aIncluye glosario | ||
| 500 | _aIncluye piezas de la colección Franz Mayer: p. 94, 98, 101, 114, 121, 122 y 123 | ||
| 504 | _aBibliografía : p. 287-291 | ||
| 650 | 1 | 4 |
_aPlatería prehispánica _zMéxico _93046 |
| 650 | 1 | 4 |
_aplatería colonial _zMéxico _93047 |
| 650 | 1 | 4 |
_aPlata _xHistoria _93048 |
| 650 | 1 | 4 |
_aPlata _xMinería y metalurgía _93049 |
| 942 |
_2lcc _cB |
||
| 999 |
_c811 _d811 |
||